| 000 | 00779nam a2200229 a 4500 | ||
|---|---|---|---|
| 001 | 000036628 | ||
| 005 | 20230526110537.0 | ||
| 008 | 120123s1994 dr ad 000 0 spa d | ||
| 040 |
_aDO-SdBNP _bspa _cBNPHU |
||
| 082 |
_a604.245 _bB142d, 1994 |
||
| 100 | 1 |
_aBáez López-Penha, José Ramón _931200 |
|
| 245 | 1 | 0 |
_aDibujo lineal de proyección / _cJosé R. Báez López-Penha ; edición de Vilma Báez. |
| 260 |
_aSanto Domingo : _bTaller, _c1994. |
||
| 300 |
_a142 p. : _bil., gráfcs. ; _c23 cm. |
||
| 590 | _aInventariado,2018/DG | ||
| 650 | 4 |
_aDibujo geométrico _96895 |
|
| 650 | 4 |
_aProyección _931201 |
|
| 650 | 4 |
_aGeometría descriptiva _910297 |
|
| 650 | 4 |
_aDibujo técnico _910296 |
|
| 700 | 1 |
_aBáez, Vilma, _eed. _931202 |
|
| 910 | _aValidado. Control de calidad EMS | ||
| 999 |
_c36119 _d36119 |
||